| 000 | 00412nam a22001337a 4500 | ||
|---|---|---|---|
| 082 |
_a669.3 _bCOP _cL-17, P-15 |
||
| 100 |
_aCop _945348 |
||
| 245 |
_aCopper Underground: Its Resistance to Soil Corrosion _cCop |
||
| 260 |
_aKendals Hall, Radlett, Herts _bCopper Development Association _cc1947. |
||
| 300 |
_aP50. _bill _c18cm |
||
| 526 |
_a0 _b0 _c0 _d669_300000000000000_COP |
||
| 650 |
_aMCE _9379 |
||
| 942 |
_2ddc _cBK |
||
| 999 |
_c548892 _d548892 |
||